Manga/Anime Répliques cultes - Statistiques

Statistiques générales
  • Ce quiz a été pris 125 fois
    101 depuis la dernière actualisation
  • Le résultat moyen est 13 sur 40
Statistiques - réponses
Répliques Personnage % Correct
Pokemon
82%
Nous sommes de retour, pour vous jouer un mauvais tour Team rocket
79%
My hero academia
77%
Death note
71%
C'est l'heure du duel! Yugi Muto
68%
Naruto
64%
One piece
64%
Je prends une chips... et je la mange Light Yagami
63%
Yu-Gi-Oh!
63%
L'attaque des titans
56%
Dragon ball
54%
Les fous, ce sont ceux qui acceptent de vivre comme du bétail Eren Jäger
49%
Tu ne le sais pas encore, mais tu es déjà mort Kenshiro
41%
It's over 9000! Vegeta
41%
Ken le survivant
37%
Les gens ne cesseront jamais d'avoir des rêves! Barbe noire
32%
Ce ne sont pas les gens qui changent, ce sont juste les masques qui tombent Obito Uchiha
32%
Seven deadly sins
31%
Le seul qui peut me battre, c'est moi-même Daiki Aomine
28%
Kuroko's basket
27%
Comment pourrais-je haïr quelqu'un qui est inférieur à moi? Ce que je ressens, ce n'est que de la pitié Escanor
26%
GTO
26%
Fairy tail
22%
Fullmetal alchemist
21%
T'es con naturellement ou t'as pris des cours? Eikichi Onizuka
19%
Si la violence ne résous rien, c'est que tu ne frappes pas assez fort Natsu Dragnir
19%
Jojo's bizarre adventure
17%
Code geass
15%
Oh? tu oses m'approcher? DIO
14%
En ce jour mémorable, je décide et je vous informe que le monde m'appartient Lelouch Lamperouge
12%
Interdit de mourir sous mon commandement. T'es déjà pas un cadeau, pas besoin de paperasse Roy Mustang
12%
Gurren lagann
5%
Si tu ne crois pas en toi, crois en moi. Crois en moi qui crois en toi! Kamina
5%
L'apparence n'a que peu d'importance. Ce qui compte c'est l'âme Soul Evans
4%
Reborn
3%
Cowboy bebop
1%
Je vais te mordre à mort Hibari Kyoya
1%
On ne devient pas super parce qu'on est un héro. On devient un héro parce qu'on est super Minoru Mineta
1%
Soul eater
1%
Si j'y vais, ce n'est pas pour mourir, mais pour me prouver à moi-même que je suis encore vivant Spike Spiegel
1%
Aucun quiz correspondant
Distribution des résultats
% des personnes avec chaque résultat
Percentile par nombre de réponses
Votre historique - résultats
Vous n’avez pas pris ce quiz depuis la dernière actualisation